<?xml version="1.0" encoding="UTF-8"?>
<collection xmlns="http://www.loc.gov/MARC21/slim">
 <record>
  <leader>02127cam a2200421 a 4500</leader>
  <controlfield tag="001">000043657</controlfield>
  <controlfield tag="003">1682</controlfield>
  <controlfield tag="005">20230401131312.0</controlfield>
  <controlfield tag="008">010217b2004    vm            000   vie</controlfield>
  <datafield tag="020" ind1=" " ind2=" ">
   <subfield code="c">14000</subfield>
  </datafield>
  <datafield tag="040" ind1=" " ind2=" ">
   <subfield code="a">LRCC</subfield>
   <subfield code="c">LRCC</subfield>
   <subfield code="d">LRCC</subfield>
  </datafield>
  <datafield tag="041" ind1="0" ind2=" ">
   <subfield code="a">vie</subfield>
  </datafield>
  <datafield tag="082" ind1="1" ind2="4">
   <subfield code="a">519.5</subfield>
   <subfield code="b">TÔ-Q</subfield>
  </datafield>
  <datafield tag="100" ind1="1" ind2=" ">
   <subfield code="a">Tống Đình Quỳ.</subfield>
  </datafield>
  <datafield tag="245" ind1="1" ind2="0">
   <subfield code="a">Giáo trình xác suất thống kê /</subfield>
   <subfield code="c">Tống Đình Quỳ.</subfield>
  </datafield>
  <datafield tag="264" ind1=" " ind2="1">
   <subfield code="a">Hà Nội :</subfield>
   <subfield code="b">Giáo dục,</subfield>
   <subfield code="c">2004.</subfield>
  </datafield>
  <datafield tag="300" ind1=" " ind2=" ">
   <subfield code="a">243 tr. ;</subfield>
   <subfield code="c">21 cm.</subfield>
  </datafield>
  <datafield tag="500" ind1=" " ind2=" ">
   <subfield code="a">Bao gồm phụ lục và tài liệu tham khảo.</subfield>
  </datafield>
  <datafield tag="500" ind1=" " ind2=" ">
   <subfield code="a">In lần thứ 4.</subfield>
  </datafield>
  <datafield tag="520" ind1="3" ind2=" ">
   <subfield code="a">Sự kiện ngẫu nhiên và phép tính xác suất. Biến ngẫu nhiên và luật phân phối xác suất. Biến ngẫu nhiên nhiều chiều. Mẫu thống kê và ước lượng tham số. Kiểm định giả thuyết. Phân tích hồi quy.</subfield>
  </datafield>
  <datafield tag="526" ind1=" " ind2=" ">
   <subfield code="a">Giáo trình đại cương</subfield>
  </datafield>
  <datafield tag="630" ind1="0" ind2="4">
   <subfield code="a">Xác suất thống kê.</subfield>
  </datafield>
  <datafield tag="650" ind1="0" ind2="4">
   <subfield code="a">Xác suất thống kê.</subfield>
  </datafield>
  <datafield tag="911" ind1=" " ind2=" ">
   <subfield code="a">DUt</subfield>
  </datafield>
  <datafield tag="OWN" ind1=" " ind2=" ">
   <subfield code="a">DUT</subfield>
  </datafield>
  <datafield tag="AVA" ind1=" " ind2=" ">
   <subfield code="a">UDN50</subfield>
   <subfield code="b">DUT</subfield>
   <subfield code="c">Book</subfield>
   <subfield code="d">519.5 TÔ-Q</subfield>
   <subfield code="e">available</subfield>
   <subfield code="t">Error 5001 Not defined in file expand_doc_bib_avail.</subfield>
   <subfield code="f">10</subfield>
   <subfield code="g">1</subfield>
   <subfield code="h">N</subfield>
   <subfield code="i">11</subfield>
   <subfield code="j">SH</subfield>
   <subfield code="k">1</subfield>
  </datafield>
  <datafield tag="Z40" ind1="3" ind2=" ">
   <subfield code="y">Giáo trình xác suất thống kê</subfield>
   <subfield code="l">Library of DUT</subfield>
   <subfield code="t">VIEW</subfield>
   <subfield code="x">http://catalog.udn.vn:80/F?func=service&amp;doc_library=UDN01&amp;local_base=UDN01&amp;doc_number=000043657&amp;sequence=000001&amp;line_number=0001&amp;func_code=DB_RECORDS&amp;service_type=MEDIA</subfield>
   <subfield code="f">3.SA.43657.GTSXVTK_000022742.pdf</subfield>
   <subfield code="e">pdf</subfield>
   <subfield code="s">031438916</subfield>
   <subfield code="k">20230401</subfield>
   <subfield code="m">TTQDUNG</subfield>
  </datafield>
  <datafield tag="999" ind1=" " ind2=" ">
   <subfield code="a">From the UDN01</subfield>
  </datafield>
  <datafield tag="AVA" ind1=" " ind2=" ">
   <subfield code="a">UDN50</subfield>
   <subfield code="b">DUT</subfield>
   <subfield code="c">Book</subfield>
   <subfield code="d">519.5 TÔ-Q</subfield>
   <subfield code="e">available</subfield>
   <subfield code="t">Error 5001 Not defined in file expand_doc_bib_avail.</subfield>
   <subfield code="f">10</subfield>
   <subfield code="g">1</subfield>
   <subfield code="h">N</subfield>
   <subfield code="i">11</subfield>
   <subfield code="j">SH</subfield>
   <subfield code="k">1</subfield>
  </datafield>
  <datafield tag="TYP" ind1=" " ind2=" ">
   <subfield code="a">Monograph</subfield>
  </datafield>
  <datafield tag="TYP" ind1=" " ind2=" ">
   <subfield code="a">Printed language</subfield>
  </datafield>
  <datafield tag="856" ind1=" " ind2=" ">
   <subfield code="y">Giáo trình xác suất thống kê</subfield>
   <subfield code="l">Library of DUT</subfield>
   <subfield code="t">VIEW</subfield>
   <subfield code="x">http://catalog.udn.vn:80/F?func=service&amp;doc_library=UDN01&amp;local_base=UDN01&amp;doc_number=000043657&amp;sequence=000001&amp;line_number=0001&amp;func_code=DB_RECORDS&amp;service_type=MEDIA</subfield>
   <subfield code="f">3.SA.43657.GTSXVTK_000022742.pdf</subfield>
   <subfield code="e">pdf</subfield>
   <subfield code="s">031438916</subfield>
   <subfield code="k">20230401</subfield>
   <subfield code="m">TTQDUNG</subfield>
  </datafield>
  <datafield tag="980" ind1=" " ind2=" ">
   <subfield code="a">Mạng thư viện Đại học Đà Nẵng</subfield>
  </datafield>
 </record>
</collection>
